Les joueurs les plus utilisés par le PSG - Statistiques

Statistiques générales
  • Ce quiz a été pris 289 fois
  • Le résultat moyen est 6 sur 10
Statistiques - réponses
Joueurs % Correct
2. Mbappé
95%
9. Marquinhos
86%
1. Donnarumma
81%
8. Hakimi
73%
4. Vitinha
72%
10. Barcola
63%
7. Zaire-Emery
60%
3. Hernandez
54%
6. Ugarte
27%
5. Danilo Pereira
18%
Aucun quiz correspondant
Distribution des résultats
% des personnes avec chaque résultat
Percentile par nombre de réponses
Votre historique - résultats
Vous n’avez pas pris ce quiz